000 00510nam a2200169Ia 4500
003 IN-BaIIA
008 211028s9999 xx 000 0 eng d
040 _cIIA Library
080 _a621.317.76
_bHUN
100 _aHund, August
_92204
245 0 _aHigh-frequency measurements
_cAugust Hund
260 _aNew York
_bMcGraw-Hill
_c1933
300 _axi, 491p.
650 _aAstronomy and Astrophysics Thesaurus
650 _aHigh Energy Physics
_92205
942 _cBK
999 _c1019
_d1019